| 000 | 00772nam a2200181Ia 4500 | ||
|---|---|---|---|
| 008 | 090124s9999 xx 000 0 und d | ||
| 082 | _b27422 | ||
| 100 | _aगायकवाड डॉ. मि. जि. | ||
| 245 | _a मराठी लावणी : निर्मिती आणि स्वरूप | ||
| 250 | _a1 | ||
| 260 |
_b"संबोधि प्रकाशन, मुंबई" _c1988 |
||
| 300 | _a164 | ||
| 600 | _aगायकवाड डॉ. मि. जि. | ||
| 630 | _a मराठी लावणी : निर्मिती आणि स्वरूप | ||
| 700 | _aगायकवाड डॉ. मि. जि. | ||
| 730 | _a मराठी लावणी : निर्मिती आणि स्वरूप | ||
| 942 | _cBOOK | ||
| 999 |
_c96729 _d96729 |
||